[Event "1st Grand Europe Open"]
[Site "Golden Sands BUL"]
[Date "2012.06.07"]
[Round "4.49"]
[White "Asparuhov, Parvan"]
[Black "Nikolov, Sasho"]
[Result "1/2-1/2"]
[BlackTitle "IM"]
[WhiteElo "2077"]
[BlackElo "2384"]
[WhiteFideId "2905647"]
[BlackFideId "2900297"]
[EventDate "2012.06.04"]
[EventType "swiss"]

1. e4 e5 2. Nf3 Nc6 3. d4 exd4 4. Nxd4 Nf6 5. Nxc6 bxc6 6. Bd3 d5 7. exd5 cxd5
8. Bb5+ Bd7 9. Bxd7+ Qxd7 10. O-O Be7 11. Bf4 O-O 12. Nd2 Rfe8 13. Re1 c6 14. c3
Bc5 15. Be5 Bxf2+ 16. Kxf2 Ng4+ 17. Kg1 Nxe5 18. Nf3 Nc4 19. b3 Rxe1+ 20. Qxe1
Re8 21. Qf2 Nd6 22. Re1 Ne4 23. Qc2 h6 24. c4 Qd8 25. Nd2 Qb6+ 26. c5 Qb4 27.
Nf3 Re6 28. Rc1 g5 29. Qb2 g4 30. a3 Qb8 31. Nd4 Rf6 32. Qe2 h5 33. Qe3 Qe5 34.
b4 h4 35. b5 h3 36. Rc2 hxg2 37. Rxg2 Nf2 38. Rg3 Qh5 39. Qe1 Nh3+ 40. Kh1 Qg6
41. Re3 cxb5 42. c6 Rxc6 43. Nxc6 Qxc6 44. Qc3 Qc4 45. Re8+ Kh7 46. Qh8+ Kg6 47.
Qg8+ Kf6 48. Qh8+ Kg6 49. Qg8+ Kf6 50. Qh8+ Kg6 51. Rg8+ 1/2-1/2

[Event "1st Grand Europe Open"]
[Site "Golden Sands BUL"]
[Date "2012.06.07"]
[Round "4.50"]
[White "Melkumyan, Hrant"]
[Black "Raeva, Elitsa"]
[Result "1-0"]
[WhiteTitle "GM"]
[BlackTitle "WIM"]
[WhiteElo "2642"]
[BlackElo "2284"]
[WhiteFideId "13302485"]
[BlackFideId "2906660"]
[EventDate "2012.06.04"]
[EventType "swiss"]

1. e4 c5 2. Nf3 Nc6 3. Bb5 e6 4. Bxc6 bxc6 5. b3 Ne7 6. O-O Ng6 7. Bb2 Qc7 8. d4
cxd4 9. Qxd4 c5 10. Qe3 Bb7 11. Rd1 Bc6 12. Nc3 Qf4 13. Qxf4 Nxf4 14. Ne5 Rc8
15. Rd2 d6 16. Nc4 d5 17. exd5 exd5 18. Re1+ Kd8 19. Nxd5 Nxd5 20. Ne3 Kc7 21.
Nxd5+ Kb7 22. Ne3 h5 23. Nc4 Rh6 24. Na5+ Kb6 25. Nxc6 Rhxc6 26. Rd7 f6 27. Rd5
g6 28. c4 Kb7 29. Bc3 f5 30. Kf1 Ra6 31. Re2 Rac6 32. Be5 Re8 33. Rd7+ Ka6 34.
f4 Re7 35. Red2 Rxd7 36. Rxd7 Kb6 37. Rd8 Be7 38. Rb8+ Ka6 39. Kf2 Re6 40. Kf3
Bd6 41. Rd8 Bxe5 42. fxe5 Rxe5 43. Rd6+ Ka5 44. Rxg6 Kb4 45. Ra6 Re7 46. h4 Rh7
47. Rf6 Ka3 48. Ra6+ Kb2 49. g3 Rg7 50. Ra5 Rc7 51. Kf4 Rg7 52. Rxc5 Kxa2 53.
Rxf5 Kxb3 54. Rxh5 Kxc4 55. Ra5 Kb4 56. Ra6 Kb5 57. Ra1 a5 58. h5 a4 59. g4 Rh7
60. Kg5 Kb4 61. h6 a3 62. Kg6 Rh8 63. h7 Ra8 64. g5 Kb3 65. Kg7 Ra7+ 66. Kh6 Ra8
67. g6 1-0

[Event "1st Grand Europe Open"]
[Site "Golden Sands BUL"]
[Date "2012.06.07"]
[Round "4.51"]
[White "Chirila, Ioan-Cristian"]
[Black "Samhouri, Bilal"]
[Result "1-0"]
[WhiteTitle "GM"]
[BlackTitle "FM"]
[WhiteElo "2521"]
[BlackElo "2281"]
[WhiteFideId "1211668"]
[BlackFideId "8100942"]
[EventDate "2012.06.04"]
[EventType "swiss"]

1. d4 Nf6 2. c4 e6 3. Nf3 d5 4. Nc3 Bb4 5. Qa4+ Nc6 6. Bg5 dxc4 7. e4 h6 8. Bxf6
Qxf6 9. Bxc4 O-O 10. O-O Bxc3 11. bxc3 e5 12. Bd5 exd4 13. Bxc6 bxc6 14. Qxd4
Qe7 15. Rfd1 c5 16. Qc4 Be6 17. Qe2 Rab8 18. Ne5 Qf6 19. Nc6 Rb6 20. e5 Qg5 21.
f4 Qxf4 22. Ne7+ Kh7 23. Qd3+ g6 24. Nxg6 fxg6 25. Rf1 Qxe5 26. Rxf8 Rd6 27. Qf3
Bd5 28. Qg3 Qg7 29. Re8 Bc6 30. Re2 Bb5 31. Re3 Rf6 32. Rae1 Kg8 33. h3 Qd7 34.
Re7 Qd6 35. Qxd6 cxd6 36. Rb1 a6 37. Rbe1 Bc4 38. Ra7 Rf7 39. Rxf7 Kxf7 40. a3
Be6 41. Re4 Bb3 42. Kf2 Kf6 43. Ke3 Bd5 44. Rf4+ Ke5 45. g4 Bg2 46. h4 d5 47. h5
Be4 48. Rf8 d4+ 49. cxd4+ cxd4+ 50. Kd2 g5 51. Rh8 Bf3 52. Rxh6 Bxg4 53. Rh8 Kf6
54. h6 Kg6 55. h7 Kg7 56. Rg8+ Kxh7 57. Rxg5 Bd7 58. Kd3 Kh6 59. Rg3 Bb5+ 60.
Kxd4 a5 61. Kc5 Bd7 62. Rd3 Bf5 63. Rd6+ Kg7 64. Kb5 Kf7 65. Kxa5 1-0

[Event "1st Grand Europe Open"]
[Site "Golden Sands BUL"]
[Date "2012.06.07"]
[Round "4.54"]
[White "Nezad, Husein Aziz"]
[Black "Melashvili, Nino"]
[Result "0-1"]
[WhiteTitle "IM"]
[BlackTitle "WIM"]
[WhiteElo "2393"]
[BlackElo "2158"]
[WhiteFideId "12100293"]
[BlackFideId "13600397"]
[EventDate "2012.06.04"]
[EventType "swiss"]

1. d4 f5 2. Nf3 Nf6 3. g3 g6 4. Bg2 Bg7 5. O-O O-O 6. c4 d6 7. Nc3 Qe8 8. Re1 c6
9. e4 fxe4 10. Nxe4 Nxe4 11. Rxe4 Bf5 12. Re3 Nd7 13. Bd2 Bg4 14. Qe2 Bxd4 15.
Rxe7 Ne5 16. Rxe8 Raxe8 17. Bc3 Nxf3+ 18. Bxf3 Bxf3 19. Qd2 0-1

[Event "1st Grand Europe Open"]
[Site "Golden Sands BUL"]
[Date "2012.06.07"]
[Round "4.55"]
[White "Keilhack, Harald"]
[Black "Carmaciu, Lucian-Catalin"]
[Result "1/2-1/2"]
[WhiteTitle "FM"]
[BlackTitle "IM"]
[WhiteElo "2256"]
[BlackElo "2388"]
[WhiteFideId "4601904"]
[BlackFideId "1209353"]
[EventDate "2012.06.04"]
[EventType "swiss"]

1. Nf3 Nf6 2. c4 d6 3. d4 Nbd7 4. Nc3 e5 5. e4 c6 6. Be2 Be7 7. O-O O-O 8. Re1
Qc7 9. Rb1 a5 10. b3 exd4 11. Nxd4 Ne5 12. Bf1 Re8 13. f3 g6 14. Be3 Nh5 15. Qd2
Ng7 16. Rbd1 1/2-1/2

[Event "1st Grand Europe Open"]
[Site "Golden Sands BUL"]
[Date "2012.06.07"]
[Round "4.56"]
[White "Zhang, Xiaowen"]
[Black "Banov, Boil"]
[Result "1-0"]
[WhiteTitle "WGM"]
[WhiteElo "2385"]
[BlackElo "2153"]
[WhiteFideId "8603219"]
[BlackFideId "2905388"]
[EventDate "2012.06.04"]
[EventType "swiss"]

1. e4 c6 2. d4 d5 3. Nd2 g6 4. Ngf3 Bg7 5. c3 Nh6 6. Bd3 O-O 7. O-O f6 8. Re1
Nf7 9. Bc2 Bg4 10. h3 Bxf3 11. Nxf3 e6 12. exd5 exd5 13. h4 Nd7 14. h5 f5 15. g3
Re8 16. Be3 Nf8 17. Kg2 Qd7 18. hxg6 hxg6 19. Rh1 Re7 20. Nh4 Rae8 21. Qf3 Nd6
22. Rh2 Qe6 23. Rah1 Nc4 24. Bg5 Rf7 25. Bc1 b5 26. Bd3 a5 1-0

[Event "1st Grand Europe Open"]
[Site "Golden Sands BUL"]
[Date "2012.06.07"]
[Round "4.57"]
[White "Manea, Alexandru"]
[Black "Zulfic, Fedja"]
[Result "1/2-1/2"]
[WhiteTitle "IM"]
[WhiteElo "2375"]
[BlackElo "2130"]
[WhiteFideId "1207660"]
[BlackFideId "3208427"]
[EventDate "2012.06.04"]
[EventType "swiss"]

1. Nf3 Nf6 2. c4 g6 3. Nc3 d5 4. cxd5 Nxd5 5. Qa4+ Nc6 6. Ne5 Qd6 7. Nxc6 Qxc6
8. Qxc6+ bxc6 9. g3 Bg7 10. Bg2 Be6 11. O-O O-O 12. Nxd5 Bxd5 13. Bxd5 cxd5 14.
Rb1 a5 15. d3 Rfb8 16. Bf4 a4 17. Rfc1 Bxb2 18. Rxc7 e5 19. Bh6 a3 20. Rc5 Rd8
21. Bg5 1/2-1/2

[Event "1st Grand Europe Open"]
[Site "Golden Sands BUL"]
[Date "2012.06.07"]
[Round "4.58"]
[White "Kashlinskaya, Alina"]
[Black "Yordanova, Svetla"]
[Result "1-0"]
[WhiteTitle "WGM"]
[BlackTitle "WIM"]
[WhiteElo "2372"]
[BlackElo "2095"]
[WhiteFideId "4198026"]
[BlackFideId "2905108"]
[EventDate "2012.06.04"]
[EventType "swiss"]

1. d4 Nf6 2. Nf3 e6 3. c4 c5 4. d5 exd5 5. cxd5 d6 6. Nc3 g6 7. Bf4 Bg7 8. h3
O-O 9. e3 Na6 10. Be2 Nc7 11. a4 Re8 12. O-O a6 13. Re1 Rb8 14. a5 b5 15. axb6
Rxb6 16. Ra2 Rb4 17. b3 Bb7 18. Bc4 Nh5 19. Bg5 f6 20. Bh4 g5 21. Nd2 gxh4 22.
Qxh5 f5 23. Rc2 Bxc3 24. Rxc3 Bxd5 25. Rd3 Bxc4 26. Nxc4 d5 27. Qxf5 Qe7 28.
Rxd5 Nxd5 29. Qxd5+ Kh8 30. Rd1 Rbb8 31. Nd6 Rf8 32. Rd3 Qf6 33. f4 h6 34. Qh5
Kg8 35. Qxc5 Rbd8 36. Qc4+ Kh7 37. Qxa6 Rd7 38. Qa3 Rfd8 39. Ne4 Qg7 40. Rxd7
Rxd7 41. Qc5 Rd1+ 42. Kh2 Re1 43. Qf5+ Kh8 44. Qc8+ Kh7 45. Qe6 Kh8 46. Qc8+ Kh7
47. Qe6 Kh8 48. Qe8+ Kh7 49. b4 Re2 50. Ng5+ hxg5 51. Qh5+ Qh6 52. Qxe2 gxf4 53.
Qd3+ Kg8 54. Qd5+ 1-0

[Event "1st Grand Europe Open"]
[Site "Golden Sands BUL"]
[Date "2012.06.07"]
[Round "4.59"]
[White "Korduban, Valerij"]
[Black "Dimitrov, Atanas"]
[Result "1/2-1/2"]
[BlackTitle "IM"]
[WhiteElo "2127"]
[BlackElo "2339"]
[WhiteFideId "14121824"]
[BlackFideId "2901315"]
[EventDate "2012.06.04"]
[EventType "swiss"]

1. g3 d5 2. Bg2 Nf6 3. Nf3 e6 4. O-O Be7 5. c4 O-O 6. b3 Nc6 7. Bb2 d4 8. d3 e5
9. Na3 h6 10. Nc2 a5 11. e3 Bc5 12. Nxe5 Nxe5 13. exd4 Bg4 14. f3 Bf5 15. dxc5
Nxd3 16. Bd4 Re8 17. Bf2 c6 18. Qd2 Nxf2 19. Qxf2 Bxc2 20. Qxc2 Qd4+ 21. Qf2
Qxf2+ 22. Rxf2 Nd7 23. Rd2 Nxc5 24. Rad1 Kf8 25. Kf2 Rab8 26. f4 Ne6 27. a3 Nc5
28. b4 axb4 29. axb4 Ne4+ 30. Bxe4 Rxe4 31. Rd8+ Rxd8 32. Rxd8+ Ke7 33. Rb8 Rxc4
34. Rxb7+ Ke6 35. h3 h5 36. b5 Rc2+ 37. Kf3 Rc3+ 38. Kf2 cxb5 39. Rxb5 h4 40.
Rg5 g6 41. Rg4 hxg3+ 42. Rxg3 Rc2+ 43. Kf3 Rc3+ 44. Kg4 Rc1 45. Ra3 Rg1+ 46. Kf3
Kf5 47. Ra5+ Kf6 48. h4 Rh1 49. Kg4 Rh2 50. Kg3 Rh1 51. Kg4 Rg1+ 52. Kf3 1/2-1/2

[Event "1st Grand Europe Open"]
[Site "Golden Sands BUL"]
[Date "2012.06.07"]
[Round "4.60"]
[White "Dimitrov, Pavel"]
[Black "Mihopoulos, Konstantinos"]
[Result "1-0"]
[WhiteTitle "IM"]
[WhiteElo "2323"]
[BlackElo "1978"]
[WhiteFideId "2907470"]
[BlackFideId "4217110"]
[EventDate "2012.06.04"]
[EventType "swiss"]

1. e4 c5 2. d4 cxd4 3. c3 Nf6 4. e5 Nd5 5. cxd4 d6 6. Nf3 e6 7. Bd3 Nc6 8. O-O
Be7 9. a3 dxe5 10. dxe5 g5 11. Re1 g4 12. Nfd2 Qc7 13. Nc4 h5 14. Be4 Nb6 15.
Nd6+ Kf8 16. Bf4 a6 17. Nc3 Bd7 18. Rc1 Rd8 19. Qd2 Nc8 20. Bh6+ Kg8 21. Bg5 f6
22. Bxf6 Bxf6 23. exf6 Be8 24. Qg5+ Kf8 25. Nxe8 Rxe8 26. Bg6 Rd8 27. Rxe6 Nd4
28. Re4 Nb3 29. Rce1 Nd6 30. Qe5 1-0

[Event "1st Grand Europe Open"]
[Site "Golden Sands BUL"]
[Date "2012.06.07"]
[Round "4.61"]
[White "Todorov, Ognjan"]
[Black "Snuverink, Laurens"]
[Result "1-0"]
[WhiteTitle "IM"]
[WhiteElo "2305"]
[BlackElo "1946"]
[WhiteFideId "2900521"]
[BlackFideId "1026224"]
[EventDate "2012.06.04"]
[EventType "swiss"]

1. d4 Nf6 2. Nf3 g6 3. c4 Bg7 4. g3 d6 5. Bg2 c6 6. O-O O-O 7. Nc3 Qa5 8. e4 e5
9. d5 cxd5 10. cxd5 Bd7 11. Nd2 Rc8 12. Nb3 Qd8 13. Qe2 Na6 14. Be3 Ng4 15. Bd2
Nc5 16. Nxc5 Rxc5 17. h3 Nf6 18. Be3 Rc7 19. Rac1 h5 20. Nb5 Bxb5 21. Qxb5 a6
22. Qb4 Ne8 23. Bb6 Rxc1 24. Rxc1 Qd7 25. Qc4 Bh6 26. Rc2 Bg5 27. h4 Bd8 28. Be3
Nf6 29. f3 Qe7 30. Qb4 Qd7 31. Qc4 Ne8 32. Kh2 Qe7 33. Bh3 Rb8 34. Qb4 Kg7 35.
Kg2 Kh7 36. Rc8 a5 37. Qc3 Rxc8 38. Qxc8 Kg7 39. Bd7 b6 40. Bxe8 Qxe8 41. Bxb6
Qb5 42. Qxd8 Qxb2+ 43. Bf2 Qxa2 44. Qxd6 Qb2 45. Qc6 Qb3 46. d6 1-0

[Event "1st Grand Europe Open"]
[Site "Golden Sands BUL"]
[Date "2012.06.07"]
[Round "4.62"]
[White "Qashashvili, Alexandre"]
[Black "Guven, Baris"]
[Result "1-0"]
[WhiteTitle "IM"]
[WhiteElo "2299"]
[BlackElo "1929"]
[WhiteFideId "13600842"]
[BlackFideId "6317553"]
[EventDate "2012.06.04"]
[EventType "swiss"]

1. e4 e5 2. Nf3 Nc6 3. Bb5 a6 4. Ba4 Nf6 5. d3 b5 6. Bb3 Be7 7. O-O d6 8. a4 Bd7
9. c3 O-O 10. Re1 Na5 11. Bc2 c5 12. Nbd2 b4 13. cxb4 cxb4 14. h3 Qc7 15. b3 h6
16. Bb2 Nc6 17. d4 exd4 18. Nxd4 Nxd4 19. Bxd4 Bc6 20. Nc4 Nd7 21. f4 Rfe8 22.
Qd3 Nf8 23. Qg3 Ng6 24. Re3 Bf8 25. e5 dxe5 26. fxe5 Bd5 27. Rd1 Bc5 28. e6 Qxg3
29. exf7+ Bxf7 30. Rxg3 Bxd4+ 31. Rxd4 Nf8 32. Rdg4 g6 33. Nd6 Re1+ 34. Kh2 Rc1
35. Nxf7 Rxc2 36. Nxh6+ Kh7 37. Nf7 Kg7 38. Ne5 Kf6 39. Nxg6 Nxg6 40. Rxg6+ Ke5
41. R3g5+ Kd4 42. Rg4+ Kc3 43. Rc6+ Kxb3 44. Rxc2 Kxc2 45. Rxb4 1-0

[Event "1st Grand Europe Open"]
[Site "Golden Sands BUL"]
[Date "2012.06.07"]
[Round "4.64"]
[White "Dimov, Dian"]
[Black "Matviyishen, Viktor"]
[Result "1/2-1/2"]
[WhiteElo "2289"]
[BlackElo "1848"]
[WhiteFideId "2903342"]
[BlackFideId "14129850"]
[EventDate "2012.06.04"]
[EventType "swiss"]

1. e4 c5 2. Nf3 Nc6 3. Bb5 Qb6 4. Nc3 e6 5. O-O Nge7 6. Re1 a6 7. Bf1 g6 8. b3
Bg7 9. Bb2 O-O 10. Na4 Qa7 11. Bxg7 Kxg7 12. e5 f6 13. exf6+ Rxf6 14. c4 Nf5 15.
Ng5 b6 16. Nc3 Qc7 17. g3 Ncd4 18. Bg2 Bb7 19. Nge4 Rff8 20. Rc1 h6 21. f4 Rf7
22. Qg4 Rg8 23. Rf1 Qb8 24. Qh3 Rh8 1/2-1/2

[Event "1st Grand Europe Open"]
[Site "Golden Sands BUL"]
[Date "2012.06.07"]
[Round "4.65"]
[White "Sumin, Vladyslav"]
[Black "Foisor, Cristina-Adela"]
[Result "0-1"]
[BlackTitle "IM"]
[WhiteElo "1912"]
[BlackElo "2417"]
[WhiteFideId "14128438"]
[BlackFideId "1200496"]
[EventDate "2012.06.04"]
[EventType "swiss"]

1. d4 g6 2. c4 Bg7 3. Nc3 d6 4. g3 Nd7 5. Nf3 e5 6. Bg2 Ne7 7. dxe5 dxe5 8. O-O
O-O 9. Qc2 c6 10. Rd1 Nf5 11. e4 Nd4 12. Nxd4 exd4 13. Ne2 c5 14. Nf4 Ne5 15. h3
Bd7 16. Nd3 Rc8 17. Nxe5 Bxe5 18. f4 Bg7 19. Rb1 Re8 20. b3 Bc6 21. Bb2 Rc7 22.
Qd3 Rce7 23. Re1 Qa5 24. a3 a6 25. b4 Qc7 26. Re2 b5 27. Rc2 Bxe4 28. Bxe4 Rxe4
29. cxb5 Re3 30. Rxc5 Qd7 31. Qf1 Rxg3+ 32. Kh2 Ree3 33. f5 Rgf3 34. Qg2 Qd6+ 0-1

[Event "1st Grand Europe Open"]
[Site "Golden Sands BUL"]
[Date "2012.06.07"]
[Round "4.66"]
[White "Mollov, Ergin"]
[Black "Chen, Yang"]
[Result "1-0"]
[WhiteTitle "IM"]
[WhiteElo "2394"]
[BlackElo "2094"]
[WhiteFideId "2900343"]
[BlackFideId "8602360"]
[EventDate "2012.06.04"]
[EventType "swiss"]

1. Nf3 Nf6 2. c4 e6 3. d4 c5 4. d5 exd5 5. cxd5 Bd6 6. Nc3 Bc7 7. e4 d6 8. h3
O-O 9. Bd3 Re8 10. O-O a6 11. a4 Nbd7 12. Re1 Rb8 13. Bf4 Nf8 14. e5 dxe5 15.
Nxe5 Ng6 16. Bxg6 hxg6 17. Qd2 g5 18. Bh2 Bf5 19. Qxg5 Bc2 20. Ng4 Bxh2+ 21.
Kxh2 Qd6+ 22. Kg1 Rxe1+ 23. Rxe1 Nxg4 24. hxg4 b5 25. axb5 axb5 26. Qd2 b4 27.
Nb5 Rxb5 28. Re8+ Kh7 29. Qxc2+ g6 30. Qd3 1-0

[Event "1st Grand Europe Open"]
[Site "Golden Sands BUL"]
[Date "2012.06.07"]
[Round "4.67"]
[White "Levina, Anna V."]
[Black "Rzayev, Bahruz"]
[Result "0-1"]
[WhiteTitle "WFM"]
[WhiteElo "2093"]
[BlackElo "2380"]
[WhiteFideId "2017920"]
[BlackFideId "13403036"]
[EventDate "2012.06.04"]
[EventType "swiss"]

1. e4 e5 2. Nf3 Nc6 3. Bc4 Nf6 4. d4 exd4 5. e5 d5 6. Bb5 Ne4 7. Nxd4 Bc5 8. Be3
O-O 9. Nxc6 bxc6 10. Bxc5 Nxc5 11. Bxc6 Rb8 12. Qxd5 Qe7 13. O-O Rxb2 14. Nc3
Rxc2 15. Rfc1 Rxc1+ 16. Rxc1 Rd8 17. Qc4 Nd3 18. Rd1 Nxe5 19. Rxd8+ Qxd8 20. Qe4
Qd2 21. Bb5 Qxc3 22. Qa8 g6 23. Qxc8+ Kg7 24. Qb7 c5 25. Qd5 c4 26. h3 Qc1+ 27.
Kh2 Qf4+ 28. Kg1 c3 29. Ba4 f6 30. Bb3 Kh6 31. Qc5 Nd3 32. Qxc3 Qxf2+ 33. Kh2
Qf4+ 34. Kg1 Qe3+ 35. Kh2 Qe5+ 36. Qxe5 fxe5 37. Kg3 e4 38. Bc2 Kg5 39. Bb1 Kf5
40. Kh2 Kf4 41. Kg1 Ke3 42. Kf1 Kd2 43. a4 Nc5 44. Ba2 e3 45. Bc4 Nxa4 46. g4
Nc3 0-1

[Event "1st Grand Europe Open"]
[Site "Golden Sands BUL"]
[Date "2012.06.07"]
[Round "4.68"]
[White "Chikovani, Vakhtang"]
[Black "Omar, Noaman"]
[Result "0-1"]
[BlackTitle "FM"]
[WhiteElo "2069"]
[BlackElo "2322"]
[WhiteFideId "13601571"]
[BlackFideId "9300244"]
[EventDate "2012.06.04"]
[EventType "swiss"]

1. e4 c6 2. d4 d5 3. e5 Bf5 4. Ne2 e6 5. Ng3 Bg6 6. h3 h5 7. Nd2 c5 8. dxc5 Bxc5
9. Be2 Nc6 10. Nf3 Nge7 11. O-O Qc7 12. c3 a6 13. b4 Ba7 14. Re1 Rc8 15. b5 axb5
16. Bxb5 O-O 17. Ba3 Rfd8 18. Bd3 Qb6 19. Re2 Bxd3 20. Qxd3 Qa6 21. Qxa6 bxa6
22. Nxh5 Ng6 23. Rae1 Bb8 24. Bc1 Ngxe5 25. Nxe5 Bxe5 26. Rxe5 Nxe5 27. Rxe5
Rxc3 28. Re1 Rc2 29. a3 e5 30. Ng3 Rdc8 31. Bg5 f6 32. Nf5 R8c7 0-1

[Event "1st Grand Europe Open"]
[Site "Golden Sands BUL"]
[Date "2012.06.07"]
[Round "4.69"]
[White "Ilic, Slobodan R"]
[Black "Ivelinov, Hristo"]
[Result "1-0"]
[WhiteElo "2046"]
[BlackElo "2243"]
[WhiteFideId "941832"]
[BlackFideId "2904039"]
[EventDate "2012.06.04"]
[EventType "swiss"]

1. e4 d6 2. Nc3 Nf6 3. Be2 e5 4. Nf3 Be7 5. d4 Nbd7 6. dxe5 dxe5 7. O-O c6 8. h3
O-O 9. Be3 b5 10. a3 a5 11. Bd3 Bb7 12. b3 Qc7 13. g4 Rfd8 14. g5 Nh5 15. Nh4
Nf4 16. Qg4 Bc8 17. Nf5 Nf8 18. Bxf4 exf4 19. Ne2 Bd6 20. Qf3 Ng6 21. Nxd6 Qxd6
22. Rad1 Qe5 23. h4 Nxh4 24. Qxf4 Qxg5+ 25. Qxg5 Nf3+ 26. Kg2 Nxg5 27. Kg3 Ne6
28. e5 Ba6 29. b4 axb4 30. axb4 Bb7 31. f4 c5 32. f5 c4 33. fxe6 fxe6 34. Bxh7+
Kxh7 35. Rd4 Ra3+ 36. Kg4 Bd5 37. c3 Kg8 38. Rc1 Kf7 39. Rf4+ Kg8 40. Nd4 Rb8
41. Rf2 Ra7 42. Kg5 Rf7 43. Rxf7 Kxf7 44. Ra1 Kg8 45. Ra5 Rf8 46. Rxb5 Rf1 47.
Rc5 Re1 48. Nc6 Rg1+ 49. Kf4 g5+ 50. Ke3 Kf7 51. b5 g4 52. Rxd5 exd5 53. b6 d4+
54. Kxd4 Rb1 55. b7 g3 56. Nb4 Rd1+ 57. Ke4 Rd8 58. Kf3 Rg8 59. Kg2 Ke7 60. Nc6+
Ke6 61. b8=Q Rxb8 62. Nxb8 Kxe5 63. Nc6+ Ke4 64. Nd4 Kf4 65. Kh3 1-0

[Event "1st Grand Europe Open"]
[Site "Golden Sands BUL"]
[Date "2012.06.07"]
[Round "4.72"]
[White "Prodileanu, Adrian"]
[Black "Bozzali, Ermanno"]
[Result "1/2-1/2"]
[WhiteElo "2226"]
[BlackElo "2068"]
[WhiteFideId "1208861"]
[BlackFideId "805858"]
[EventDate "2012.06.04"]
[EventType "swiss"]

1. c4 c5 2. g3 g6 3. Bg2 Bg7 4. Nc3 e5 5. Nf3 Nc6 6. O-O Nge7 7. a3 a5 8. Ne1
O-O 9. Nc2 Rb8 10. Ne3 d6 11. Rb1 Be6 12. d3 Nd4 13. b4 axb4 14. axb4 b6 15.
Ned5 Nxd5 16. Nxd5 b5 17. e3 Nf5 18. Ba3 cxb4 19. Bxb4 Qd7 20. Ba5 bxc4 21. dxc4
Rxb1 22. Qxb1 Ne7 23. Rd1 Nc6 24. Bc3 Rb8 25. Qa1 Kh8 26. Qa6 Qc8 27. Qxc8+ Rxc8
28. Nb6 Rb8 29. Rxd6 Rxb6 30. Bxc6 Bf6 31. Kg2 Kg7 32. e4 Bxc4 33. Ba5 Rb1 34.
f3 Bf1+ 35. Kf2 Be7 36. Rd5 Bc4 37. Rxe5 Bf6 38. Bc3 Rc1 39. Bd4 Rc2+ 40. Ke3
Rxh2 41. Bd5 Ba6 42. g4 Re2+ 43. Kf4 Bxe5+ 44. Bxe5+ f6 45. Bc3 Rc2 46. Ba1 g5+
47. Kg3 Bf1 48. f4 h6 49. e5 fxe5 50. Bxe5+ Kf8 51. f5 Bc4 52. Bd6+ Ke8 53. Be4
Rc3+ 54. Kf2 Bb5 55. Be5 Ra3 56. Bg7 Rh3 57. Bg2 Rh2 58. Kg3 Rh4 59. Bf3 Ke7 60.
Bc3 Bc4 61. Bd2 1/2-1/2

[Event "1st Grand Europe Open"]
[Site "Golden Sands BUL"]
[Date "2012.06.07"]
[Round "4.73"]
[White "Melderis, Uldis"]
[Black "Yakimenko, Alexander A."]
[Result "1/2-1/2"]
[WhiteElo "2004"]
[BlackElo "2220"]
[WhiteFideId "11600845"]
[BlackFideId "24141917"]
[EventDate "2012.06.04"]
[EventType "swiss"]

1. b4 e6 2. Bb2 f5 3. e3 Nf6 4. b5 Be7 5. Nf3 O-O 6. Be2 d6 7. O-O e5 8. d3 Qe8
9. c4 Nbd7 10. Nbd2 e4 11. dxe4 Nc5 12. exf5 Bxf5 13. Nd4 Bd7 14. Qc2 Ng4 15.
N2f3 Bf6 16. Rae1 Qh5 17. h3 Nh6 18. Nh2 Qe5 19. Ng4 Nxg4 20. Bxg4 Bxg4 21. hxg4
Qg5 22. Qe2 Rae8 23. f4 Qg6 24. g5 Bxd4 25. Bxd4 Ne4 26. Qc2 Qh5 27. Rf3 Qh4 28.
Rd1 Ng3 29. Kf2 Nf5+ 30. Kg1 Nxd4 31. exd4 Rxf4 32. Rh3 Qxg5 33. Qxh7+ Kf7 34.
Rdd3 Re1+ 35. Kh2 Rff1 36. Rdf3+ Rxf3 37. Rxf3+ Ke7 38. Qh8 Qh6+ 39. Qxh6 gxh6
40. Ra3 Rc1 1/2-1/2

[Event "1st Grand Europe Open"]
[Site "Golden Sands BUL"]
[Date "2012.06.08"]
[Round "5.1"]
[White "Petrosian, Tigran L."]
[Black "L'Ami, Erwin"]
[Result "1/2-1/2"]
[WhiteTitle "GM"]
[BlackTitle "GM"]
[WhiteElo "2657"]
[BlackElo "2605"]
[WhiteFideId "13301616"]
[BlackFideId "1007998"]
[EventDate "2012.06.04"]
[EventType "swiss"]

1. c4 e5 2. g3 Nc6 3. Bg2 f5 4. Nc3 Nf6 5. e3 g6 6. Nge2 Bg7 7. d4 d6 8. dxe5
dxe5 9. Bxc6+ bxc6 10. Qxd8+ Kxd8 11. b3 c5 12. Bb2 Bb7 13. O-O-O+ Kc8 14. Rhf1
Bf3 15. Rd2 Rd8 16. Rxd8+ Kxd8 17. Ng1 Bc6 18. Nce2 Nd7 19. f4 Ke7 20. Nf3 Bxf3
21. Rxf3 e4 22. Rf2 Bxb2+ 23. Kxb2 Nf6 24. Nc3 Rd8 25. Kc2 Rd3 26. Nd1 Kd7 27.
Rd2 Rd6 28. Nf2 h6 29. h3 Ke6 30. Rd1 g5 31. Re1 1/2-1/2

[Event "1st Grand Europe Open"]
[Site "Golden Sands BUL"]
[Date "2012.06.08"]
[Round "5.2"]
[White "Grigoryan, Karen H."]
[Black "Vajda, Levente"]
[Result "1/2-1/2"]
[WhiteTitle "IM"]
[BlackTitle "GM"]
[WhiteElo "2517"]
[BlackElo "2600"]
[WhiteFideId "13301004"]
[BlackFideId "1203975"]
[EventDate "2012.06.04"]
[EventType "swiss"]

1. d4 Nf6 2. c4 c5 3. d5 e5 4. Nc3 d6 5. e4 Nbd7 6. a3 g6 7. Bg5 h6 8. Be3 h5 9.
f3 h4 10. Qd2 Be7 11. Bd3 a6 12. b4 b6 13. Nge2 Nh7 14. g3 Bg5 15. Rb1 Ra7 16.
Rf1 Bxe3 17. Qxe3 Nhf6 18. Kd2 Kf8 19. Rh1 Ra8 20. Na4 Rb8 21. f4 Kg7 22. Qf3 b5
23. cxb5 c4 24. Bc2 axb5 25. Nac3 Qe7 26. f5 gxf5 27. exf5 e4 28. Bxe4 Bb7 29.
Nf4 Ne5 30. Qe2 Rbe8 31. Rbe1 Bc8 32. Bc2 Qa7 33. Qe3 Qxe3+ 34. Rxe3 Nfg4 35.
Re2 hxg3 36. h3 Nf2 37. Rf1 Rh4 38. Ng2 Rxh3 39. Re3 Bd7 40. Nf4 Rh2 41. Rxg3+
Kf8 42. Kc1 Nfd3+ 43. Nxd3 cxd3 44. Bxd3 Rc8 45. Bc2 Ke7 46. f6+ Kd8 47. Rg8+
Be8 48. Rg3 Bd7 49. Re1 Ng4 50. Re7 Nxf6 51. Rxf7 Rf2 52. Kb2 Ke8 53. Rfg7 Bf5
54. Rg2 Rxc2+ 55. Rxc2 Bxc2 56. Kxc2 Kf8 57. Rg3 Nxd5 1/2-1/2